Tous les Goldens Boys - Statistiques

Statistiques générales
  • Ce quiz a été pris 116 fois
  • Le résultat moyen est 12 sur 22
Statistiques - réponses
Date Réponse Poste Nationalité % Correct
2017 Kylian Mbappé Attaquant Francais
94%
2024 Lamine Yamal Attaquant Espagnol
91%
2023 Jude Bellingham Milieu Anglais
88%
2021 Pedri Milieu Espagnol
88%
2020 Erling Haaland Attaquant Norvégien
86%
2022 Gavi Milieu Espagnol
86%
2005 Lionel Messi Attaquant Argentin
83%
2013 Paul Pogba Milieu Francais
68%
2019 Joao Felix Attaquant Portugais
63%
2015 Anthony Martial Attaquant Francais
57%
2018 Matthijs de Ligt Défenseur Néerlandais
56%
2016 Renato Sanches Milieu Portugais
53%
2004 Wayne Rooney Attaquant Anglais
50%
2007 Sergio Agüero Attaquant Argentin
46%
2014 Raheem Sterling Attaquant Anglais
39%
2010 Mario Balotelli Attaquant Italien
35%
2011 Mario Götze Milieu Allemand
29%
2006 Cesc Fabregas Milieu Espagnol
25%
2012 Isco Milieu Espagnol
16%
2009 Alexandre Pato Attaquant Brésilien
15%
2003 Rafael Van der Vaart Milieu Néerlandais
11%
2008 Anderson Milieu Brésilien
7%
Aucun quiz correspondant
Distribution des résultats
% des personnes avec chaque résultat
Percentile par nombre de réponses
Votre historique - résultats
Vous n’avez pas pris ce quiz